Neuere Rechtsgeschichte in Polen in den Jahren 2002-2014

Titel: Neuere Rechtsgeschichte in Polen in den Jahren 2002-2014 / Danuta Janicka
Verfasser:
In: Zeitschrift für neuere Rechtsgeschichte, Band 37 (2015), Seite 130-142
alle Artikel anzeigen
Veröffentlicht: 2015
Format: Aufsatz
Sprache: Deutsch
Schlagworte:
Kein Bild verfügbar
X
alg: 42646056
001A    $03025:15-02-18 
001B    $01999:18-03-23 $t01:50:13.000 
001C    $03025:15-02-18 $t17:04:30.000 
001D    $03025:15-02-18 
001U    $0utf8 
001X    $00 
002@    $0Aou 
002C    $aText $btxt $2rdacontent 
002D    $aohne Hilfsmittel zu benutzen $bn $2rdamedia 
002E    $aBand $bnc $2rdacarrier 
003@    $0426460561 
007A    $0426460561 $aHEB 
010@    $ager 
010E    $erda 
011@    $a2015 
021A    $aNeuere Rechtsgeschichte in Polen in den Jahren 2002-2014 $hDanuta Janicka 
028A    $BVerfasser $4aut $7 $8Janicka, Danuta [Tnd] $9138923833 
031A    $d37 $h130-142 $j2015 
039B    $aEnthalten in $8--Abvc--. Zeitschrift für neuere Rechtsgeschichte. - Wien : Manz, 1979-. - ISSN 0250-6459 $x201500000370000870 $9048077585 
044K    $RKongresspolen $RWestgalizien $#Generalgouvernement Polen $#Polska $#Rzeczpospolita Polska $#Polska Rzeczpospolita Ludowa $#Poland $#Pologne $#République Polonaise $#Generalne Gubernatorstwo w Polsce $#Polish People's Republic $#Polska Rzeczpospolita Polen $#PRL $#RP $#Polen Generalgouvernement $#Polska Generalgouvernement $#Besetzte Polnische Gebiete $#Besetztes Gebiet in Polen $#Okupowane Polskie Obszary $#Obszary Okupowane w Polsce $#Volksrepublik Polen $#Polska Rosyjska $#Republic Polen $#Respublika Pol'ša $#Pol'skaja Narodnaja Respublika $#République de Pologne $#Polen Links der Weichsel $#Polska po Lewej Stronie Wisły $#Lenkija $#Polija $#Gubernija Carstva Pol'skago $#Republik Polen $74046496-9 $8Polen [Tg1] $9085129801 
044K    $RRechtsgeschichtsschreibung $74121564-3 $8Rechtsgeschichte$gFach [Ts1] $908539372X 
045R    $aGeschichte 2002-2014 
045T    $aINTRECHT $qDE-1a $2FID 
045T    $a2 

lok: 42646056 78

exp: 42646056 78 1 #EPN
201B/01 $015-02-18 $t17:03:49.000 
201C/01 $015-02-18 
201U/01 $0utf8 
203@/01 $01018045457 
208@/01 $a15-02-18 $be 
209A/01 $a/ $f000 $x00 
209A/01 $ab*p $x01 
220C/01 $apgar 
244Z/01 $#Generalgouvernement Polen $#Polska $#Rzeczpospolita Polska $#Polska Rzeczpospolita Ludowa $#Poland $#Pologne $#République Polonaise $#Generalne Gubernatorstwo w Polsce $#Polish People's Republic $#Polska Rzeczpospolita Polen $#PRL $#RP $#Polen Generalgouvernement $#Polska Generalgouvernement $#Besetzte Polnische Gebiete $#Besetztes Gebiet in Polen $#Okupowane Polskie Obszary $#Obszary Okupowane w Polsce $#Volksrepublik Polen $#Polska Rosyjska $#Republic Polen $#Respublika Pol'ša $#Pol'skaja Narodnaja Respublika $#République de Pologne $#Polen Links der Weichsel $#Polska po Lewej Stronie Wisły $#Lenkija $#Polija $#Gubernija Carstva Pol'skago $#Republik Polen $74046496-9 $8--Tg1--Polen $x01 $9085129801 
247C/01 $82080>Marburg/Lahn, Herder-Institut, Forschungsbibliothek, Bibliographieportal $9336309341
LEADER 00000caa a2200000 c 4500
001 426460561
003 DE-603
005 20230318015013.0
007 tu
008 180215s2015 xx |||| | u00||u|ger c
035 |a (DE-599)HEB426460561 
040 |a DE-603  |b ger  |c DE-603  |d DE-603  |e rda 
041 |a ger 
084 |a INTRECHT  |q DE-1a  |2 fid 
084 |a 2  |2 ssgn 
100 1 |a Janicka, Danuta  |e Verfasser  |4 aut  |0 (DE-603)138923833 
245 0 0 |a Neuere Rechtsgeschichte in Polen in den Jahren 2002-2014  |c Danuta Janicka 
264 0 |c 2015 
336 |a Text  |b txt  |2 rdacontent 
337 |a ohne Hilfsmittel zu benutzen  |b n  |2 rdamedia 
338 |a Band  |b nc  |2 rdacarrier 
648 7 |a Geschichte 2002-2014  |2 gnd 
650 7 |a Rechtsgeschichte  |g Fach  |0 (DE-588)4121564-3  |0 (DE-603)08539372X  |2 gnd 
651 7 |a Polen  |0 (DE-588)4046496-9  |0 (DE-603)085129801  |2 gnd 
773 0 8 |i Enthalten in  |t Zeitschrift für neuere Rechtsgeschichte  |d Wien : Manz, 1979-  |x 0250-6459  |g Band 37 (2015), Seite 130-142  |w (DE-603)048077585  |w (DE-600)800888-7 
924 0 |9 2080  |a (DE-603)1018045457  |b DE-2080  |c HES  |d d  |g /